| 000 | 00987cab a2200217 4500 | ||
|---|---|---|---|
| 001 | ABS39325 | ||
| 008 | 090401t1988 xxu||||| |||| 00| 0 eng d | ||
| 035 | _a(Sirsi) u15947 | ||
| 041 | _aeng | ||
| 110 |
_aRoyal Institution of Chartered Surveyors _bInsurance Services _9643 |
||
| 245 | _aAvoiding a drain on claims | ||
| 260 | _c1988 | ||
| 350 | _a0 | ||
| 490 |
_aChartered Surveyor Weekly _v23(12) 23 June 1988, 63(1) |
||
| 520 | _aConsiders problems which surveyors should be aware of to avoid negligence claims in relation to drainage of residential property. Illustrates by highlighting the decision in Strover and Another v Harrington and Others , ChD 2 December 1987, see Abstract 38963, whereby the house was represented as having main drainage, but in fact drained into a cesspool through a joint system with a neighbouring property. | ||
| 650 | _aMORTGAGE VALUATIONS | ||
| 650 | _aSTRUCTURAL SURVEYS | ||
| 690 |
_aINSURANCE _96249 |
||
| 942 | _n0 | ||
| 948 | _c04/03/1997 | ||
| 999 |
_c10496 _d10496 |
||